[Event "Detroit (MOR/3/57)"]
[Site "?"]
[Date "1990.??.??"]
[Round "?"]
[White "Brewer, R."]
[Black "Sturgis, Derreck"]
[Result "1-0"]
[WhiteElo "1605"]
[BlackElo "1605"]
[PlyCount "107"]
[EventDate "1990.??.??"]

{3/(57)} 1. e4 c5 2. d4 cxd4 3. c3 dxc3 4. Nxc3 e6 5. Bc4 Bb4 6. Bd2 Bxc3 7.
Bxc3 f6 8. Nf3 Ne7 9. O-O d5 10. Bb3 Nbc6 11. exd5 Nxd5 12. Nh4 Nce7 13. Qg4
O-O 14. Rfd1 e5 15. Qe4 Be6 16. Bb4 Qb6 17. Bxe7 Nxe7 18. Bc2 g6 19. b3 Rac8
20. Rd2 Rc7 21. Rad1 Rc5 22. Rd6 Qc7 23. Rxe6 f5 24. Qe2 Rxc2 25. Qxe5 Qxe5 26.
Rxe5 Nc6 27. Rb5 b6 28. g3 Nd4 29. Rxd4 Rxa2 30. Nf3 Re8 31. Ne5 Re2 32. Nc6
Ra2 33. Rbd5 Ree2 34. Rd8+ Kg7 35. Rf4 Rab2 36. Kf1 Kf7 37. Rd7+ Ke6 38. Rxa7
Rec2 39. Nd4+ Ke5 40. Nxc2 Rxc2 41. Rc4 Kd5 42. Rxc2 Kd4 43. Ke2 b5 44. Rd7+
Ke5 45. Rc5+ Ke6 46. Rxh7 Kd6 47. Rxb5 Kc6 48. Rb8 Kd6 49. b4 Ke6 50. b5 Kd5
51. b6 Kc6 52. b7 Kd6 53. Rd8+ Kc6 54. b8=Q 1-0

[Event "Detroit (MOR/5/49)"]
[Site "?"]
[Date "1990.??.??"]
[Round "?"]
[White "Brewer, R."]
[Black "Short, T."]
[Result "1/2-1/2"]
[WhiteElo "1605"]
[BlackElo "1605"]
[PlyCount "80"]
[EventDate "1990.??.??"]

{5/(49)} 1. e4 e5 2. f4 Nc6 3. Nf3 d6 4. Bc4 Be6 5. Bxe6 fxe6 6. fxe5 dxe5 7.
O-O Bd6 8. d3 Nf6 9. Bg5 h6 10. Be3 b6 11. Nbd2 Bc5 12. Bxc5 bxc5 13. Nc4 O-O
14. c3 Qd7 15. Nfxe5 Nxe5 16. Nxe5 Qd6 17. Nc4 Qd7 18. Qe2 Rad8 19. Rf3 Nh7 20.
Rxf8+ Rxf8 21. Ne5 Qe8 22. Rf1 Rxf1+ 23. Qxf1 Ng5 24. Nf3 e5 25. Nxg5 hxg5 26.
a3 a5 27. b4 axb4 28. axb4 cxb4 29. cxb4 Qb5 30. Qb1 Qb6+ 31. Kh1 Kh7 32. h3 g4
33. g3 gxh3 34. Kh2 Qh6 35. Qc2 c6 36. Qf2 Qe6 37. Qf5+ Qxf5 38. exf5 Kh6 39.
Kxh3 Kg5 40. g4 Kf4 1/2-1/2

[Event "Lansing (Mini-Swiss.3/3)"]
[Site "?"]
[Date "1990.??.??"]
[Round "?"]
[White "Brewer, R."]
[Black "Russell, K."]
[Result "0-1"]
[WhiteElo "1605"]
[BlackElo "1695"]
[PlyCount "68"]
[EventDate "1990.??.??"]

{3/(3)} 1. e4 c5 2. c3 d6 3. d4 cxd4 4. cxd4 Nf6 5. Nc3 g6 6. Bc4 Bg7 7. Be3
O-O 8. Qd2 Re8 9. f3 a6 10. a4 Nc6 11. Nge2 Qa5 12. O-O e6 13. Ng3 Nh5 14. Qf2
Nxg3 15. Qxg3 Nxd4 16. Bxd4 Bxd4+ 17. Kh1 Bxc3 18. bxc3 Qxc3 19. Rac1 Qe5 20.
Qf2 Bd7 21. Bb3 Rac8 22. h3 Rc3 23. Qb6 Rxc1 24. Rxc1 Qb2 25. Rc2 Qb1+ 26. Kh2
Bxa4 27. Qxb7 Rf8 28. Qb4 Qxb3 29. Qxb3 Bxb3 30. Rc6 Ra8 31. Rxd6 a5 32. Rd3 a4
33. Kg1 a3 34. Rxb3 a2 0-1

[Event "Detroit (MOR/6/48)"]
[Site "?"]
[Date "1990.??.??"]
[Round "?"]
[White "Brewer, R."]
[Black "Krzyston, Joe"]
[Result "1-0"]
[WhiteElo "1605"]
[BlackElo "1605"]
[PlyCount "96"]
[EventDate "1990.??.??"]

{6/(48)} 1. e4 e5 2. f4 exf4 3. Nf3 d6 4. d4 Bg4 5. Bc4 Nf6 6. O-O Be7 7. Nc3
O-O 8. Bxf4 Nbd7 9. Qd3 c5 10. e5 Nh5 11. Qe4 Nb6 12. Bd3 g6 13. Bh6 Bf5 14.
Qe3 Re8 15. Bxf5 Nc4 16. Qe2 Nb6 17. Bg4 cxd4 18. Nxd4 dxe5 19. Bxh5 Qxd4+ 20.
Be3 Qh4 21. Bf3 Nd7 22. Nd5 Bd6 23. g3 Qh3 24. Bg2 Qe6 25. Rad1 f5 26. Qb5 e4
27. Qxd7 Qe5 28. Bf4 Bc5+ 29. Kh1 Qg7 30. Qxg7+ Kxg7 31. Nc7 Kf6 32. Nxa8 Rxa8
33. Rd5 b6 34. h4 Re8 35. Rxc5 bxc5 36. Rd1 e3 37. Re1 e2 38. Bf3 h5 39. Bxe2
a6 40. Kg2 g5 41. Bxg5+ Kg6 42. Bf4 Re4 43. Kf2 a5 44. Bd3 Rxe1 45. Kxe1 Kf6
46. Bc4 Ke7 47. Kd2 Kd7 48. Ke3 Kc6 1-0

[Event "Detroit (MCO/2/30)"]
[Site "?"]
[Date "1990.??.??"]
[Round "?"]
[White "Brewer, R."]
[Black "Koger, Melvin"]
[Result "0-1"]
[WhiteElo "1605"]
[BlackElo "1605"]
[PlyCount "82"]
[EventDate "1990.??.??"]

{2/(30)} 1. e4 e6 2. d4 d5 3. e5 c5 4. Qg4 cxd4 5. Bd3 Nc6 6. Nf3 Nge7 7. Bg5
Qc7 8. Bf4 Bd7 9. O-O h5 10. Qg5 O-O-O 11. c3 Ng6 12. Bxg6 Be7 13. Qg3 h4 14.
Qg4 fxg6 15. h3 dxc3 16. Nxc3 a6 17. Rfc1 Kb8 18. Ne2 Qa5 19. Ned4 Nxd4 20.
Nxd4 g5 21. Nb3 Qb4 22. Be3 Qxg4 23. hxg4 h3 24. Kh2 hxg2+ 25. Kxg2 Rh4 26. Kg3
Rdh8 27. Kf3 Bb5 28. Nd4 Rh3+ 29. Kg2 Rh2+ 30. Kg1 Rh1+ 31. Kg2 R8h2+ 32. Kg3
Rh3+ 33. Kg2 R1h2+ 34. Kg1 Bd3 35. Re1 Bc5 36. Nxe6 Rh1+ 37. Kg2 Be4+ 38. f3
Bxf3+ 39. Kf2 R1h2+ 40. Kg1 Bxe3+ 41. Rxe3 Rg2+ 0-1

[Event "Lansing (Mini-Swiss.5/2)"]
[Site "?"]
[Date "1990.??.??"]
[Round "?"]
[White "Brewer, R."]
[Black "Householder, James"]
[Result "0-1"]
[WhiteElo "1605"]
[BlackElo "1605"]
[PlyCount "144"]
[EventDate "1990.??.??"]

{5/(2)} 1. e4 c5 2. c3 d5 3. exd5 Qxd5 4. d4 Nc6 5. Nf3 Bg4 6. Be3 Bxf3 7. gxf3
cxd4 8. cxd4 e6 9. Nc3 Bb4 10. a3 Bxc3+ 11. bxc3 Nge7 12. c4 Qd7 13. Bh3 Qd6
14. f4 Rd8 15. Qa4 O-O 16. O-O Nxd4 17. Qxa7 Ne2+ 18. Kh1 Qc6+ 19. Bg2 Qxc4 20.
Qxb7 Nf5 21. Qe4 Nxe3 22. fxe3 Qxe4 23. Bxe4 Nc3 24. Bg2 Rd2 25. Rac1 Nd5 26.
Bxd5 exd5 27. Rfd1 Re2 28. Rd3 Rd8 29. Rcd1 h6 30. R1d2 Re1+ 31. Kg2 Ra1 32. e4
d4 33. Rb2 f6 34. Rb4 Ra8 35. Rbxd4 R1xa3 36. Kh3 Rxd3+ 37. Rxd3 Rc8 38. Re3 g5
39. f5 h5 40. Kg3 Kf7 41. Kf3 Rg8 42. h3 Ke7 43. Rb3 Rc8 44. Rb7+ Kd6 45. Rb3
Rc5 46. Rb6+ Ke5 47. Rb3 Rc4 48. Re3 Rc1 49. Kg3 Rf1 50. Re2 Rf4 51. Rb2 Rxe4
52. Rb5+ Kd6 53. Rb6+ Ke7 54. Rb7+ Kf8 55. Kf3 Rf4+ 56. Kg3 Rxf5 57. Rh7 h4+
58. Kg4 Re5 59. Rb7 Re7 60. Rb8+ Kg7 61. Kh5 Kf7 62. Rb6 Re8 63. Rb7+ Ke6 64.
Rb6+ Kf5 65. Rb5+ Re5 66. Rb6 Re3 67. Rb5+ Kf4 68. Rb4+ Kg3 69. Rb6 Rf3 70. Kg6
Kxh3 71. Kh5 g4 72. Rb4 f5 0-1

[Event "Detroit (MCO/4/24)"]
[Site "?"]
[Date "1990.??.??"]
[Round "?"]
[White "Brewer, R."]
[Black "Graham, F."]
[Result "0-1"]
[WhiteElo "1605"]
[BlackElo "1605"]
[PlyCount "52"]
[EventDate "1990.??.??"]

{4/(24)} 1. e4 e5 2. f4 d6 3. Nf3 Nc6 4. Bb5 Bg4 5. O-O Nh6 6. Bxc6+ bxc6 7. h3
Bxf3 8. Qxf3 f6 9. fxe5 dxe5 10. d3 Bc5+ 11. Kh1 Nf7 12. Be3 Bxe3 13. Qxe3 O-O
14. Nc3 Rb8 15. b3 Qd4 16. Qd2 Nd6 17. Ne2 Qc5 18. a3 f5 19. b4 Qb6 20. c4 c5
21. exf5 Nxf5 22. Qc3 cxb4 23. Qxb4 Qe3 24. Qe1 Qxe2 25. Rxf5 Qxe1+ 26. Rxe1
Rxf5 0-1

[Event "Lansing (MI Am/5/39)"]
[Site "?"]
[Date "1990.??.??"]
[Round "?"]
[White "Brayton, D."]
[Black "Venia, Mike"]
[Result "1-0"]
[WhiteElo "1605"]
[BlackElo "1605"]
[PlyCount "51"]
[EventDate "1990.??.??"]

{5/(39)} 1. e4 c5 2. Nf3 Nc6 3. d4 cxd4 4. Nxd4 e5 5. Nxc6 dxc6 6. Qxd8+ Kxd8
7. Bc4 f6 8. Be3 Ne7 9. Nd2 Ng6 10. O-O-O Nf4 11. Nf3+ Kc7 12. Nh4 Be6 13. Bxe6
Nxe6 14. Rd2 Bc5 15. Nf5 g6 16. Nh6 Bxe3 17. fxe3 Rad8 18. Rxd8 Rxd8 19. Ng4
Nc5 20. Nxf6 Rf8 21. Rf1 Kd6 22. Rf3 Ke7 23. Nxh7 Rxf3 24. gxf3 Ne6 25. h4 Kf7
26. Ng5+ 1-0

[Event "Lansing (MI Am/1/32)"]
[Site "?"]
[Date "1990.??.??"]
[Round "?"]
[White "Brayton, D."]
[Black "Garrison, Ray"]
[Result "0-1"]
[WhiteElo "1605"]
[BlackElo "1800"]
[PlyCount "50"]
[EventDate "1990.??.??"]

{1/(32)} 1. e4 c6 2. d4 d5 3. exd5 cxd5 4. Nf3 Bf5 5. Bd3 Bxd3 6. Qxd3 e6 7.
O-O Qc7 8. Nbd2 Nc6 9. c3 Nf6 10. Re1 O-O-O 11. Ne5 Bd6 12. Ndf3 Ne4 13. Rxe4
dxe4 14. Qxe4 Nxe5 15. dxe5 Bxe5 16. Be3 Bd6 17. Bd4 e5 18. Qf5+ Qd7 19. Qxd7+
Rxd7 20. Nxe5 Bxe5 21. Bxe5 Rd2 22. Bxg7 Re8 23. Bd4 Kc7 24. Rb1 Rxb2 25. Rf1
Rxa2 0-1

[Event "Lansing (Mini-Swiss.6/3)"]
[Site "?"]
[Date "1990.??.??"]
[Round "?"]
[White "Brauker, J."]
[Black "Vangilder, K."]
[Result "1-0"]
[WhiteElo "1605"]
[BlackElo "1605"]
[PlyCount "73"]
[EventDate "1990.??.??"]

{6/(3)} 1. d4 d5 2. c4 e6 3. Nc3 Nf6 4. Nf3 Bb4 5. Bd2 Nc6 6. e3 Ne4 7. Nxe4
dxe4 8. Bxb4 exf3 9. Qxf3 Nxb4 10. Qe2 h6 11. Qd2 Nc6 12. d5 Ne5 13. Be2 c6 14.
Qc3 Qd6 15. f4 Nd7 16. O-O-O exd5 17. cxd5 cxd5 18. Qxg7 Rf8 19. Qe5+ Qe7 20.
Qxe7+ Kxe7 21. Rxd5 Nf6 22. Re5+ Be6 23. g4 Rac8+ 24. Kb1 Rc7 25. f5 Kd6 26.
Ra5 b6 27. Rd1+ Bd5 28. Ra3 Ne4 29. Bf3 Rc5 30. Bxe4 Re8 31. Bxd5 Rxd5 32. Rad3
Rxd3 33. Rxd3+ Ke5 34. Kc2 Ke4 35. Kd2 Re5 36. Ke2 f6 37. Rd4# 1-0

[Event "Lansing (Jan)"]
[Site "?"]
[Date "1990.??.??"]
[Round "?"]
[White "Brauker, J."]
[Black "Tindall, K."]
[Result "0-1"]
[WhiteElo "1605"]
[BlackElo "1605"]
[PlyCount "22"]
[EventDate "1990.??.??"]

1. d4 d5 2. c4 Nf6 3. Nc3 Bf5 4. Bf4 Nc6 5. cxd5 Nxd5 6. Nxd5 Qxd5 7. e3 e5 8.
Bxe5 Bb4+ 9. Ke2 Nxe5 10. dxe5 Qc4+ 11. Kf3 Qg4# 0-1

[Event "Lansing (Jan)"]
[Site "?"]
[Date "1990.??.??"]
[Round "?"]
[White "Brauker, J."]
[Black "Jones, A."]
[Result "0-1"]
[WhiteElo "1605"]
[BlackElo "1605"]
[PlyCount "92"]
[EventDate "1990.??.??"]

1. d4 d5 2. c4 Nf6 3. Nc3 e6 4. Bg5 Be7 5. e3 b6 6. Nf3 Nc6 7. Ne5 Nxe5 8. dxe5
Ne4 9. Nxe4 Bxg5 10. Nxg5 Qxg5 11. Qf3 Qxe5 12. Rb1 Bb7 13. Be2 Rb8 14. Qg4 O-O
15. O-O Rfd8 16. Rfd1 Rd6 17. Qd4 Qxd4 18. exd4 dxc4 19. Bxc4 Bd5 20. Rbc1 Bxc4
21. Rxc4 Rc8 22. Rc2 c5 23. Rdc1 Rxd4 24. Kf1 f5 25. Rc4 Rxc4 26. Rxc4 Rc6 27.
b4 a5 28. bxc5 Rxc5 29. Rxc5 bxc5 30. Ke2 Kf7 31. Kd3 Ke7 32. f4 Kd6 33. Kc4
Kc6 34. h4 h6 35. h5 Kd6 36. g3 a4 37. a3 Kc6 38. Kc3 Kd5 39. Kc2 Kd4 40. Kd2
c4 41. Kc2 c3 42. Kc1 Kd3 43. Kd1 c2+ 44. Kc1 Ke3 45. Kxc2 Kf3 46. g4 fxg4 0-1

[Event "Lansing (Mini-Swiss.6/1)"]
[Site "?"]
[Date "1990.??.??"]
[Round "?"]
[White "Brauker, J."]
[Black "Ama, T."]
[Result "1-0"]
[WhiteElo "1605"]
[BlackElo "1605"]
[PlyCount "109"]
[EventDate "1990.??.??"]

{6/(1)} 1. d4 d5 2. c4 dxc4 3. Nf3 Nc6 4. e4 Bg4 5. Be3 b5 6. Nc3 e6 7. Nxb5
Rb8 8. Qa4 Bb4+ 9. Nd2 a5 10. Bxc4 Nge7 11. O-O O-O 12. Nb3 e5 13. f3 Bd7 14.
d5 Na7 15. Bxa7 Rb7 16. Be3 Ng6 17. Nxa5 Bxa5 18. Qxa5 Bxb5 19. Bxb5 f5 20. Bc5
Rf6 21. a4 Qc8 22. Ba6 Qa8 23. Qc3 Qxa6 24. exf5 Rxf5 25. b4 Nf4 26. Qd2 Qh6
27. Be3 Rb6 28. Bxf4 Rxf4 29. b5 Rd6 30. a5 e4 31. a6 Rf8 32. Qxh6 gxh6 33.
fxe4 Re8 34. Rfe1 Rb6 35. a7 Ra8 36. Reb1 Kf7 37. e5 Ke7 38. Kf2 Rb7 39. d6+
cxd6 40. exd6+ Kxd6 41. b6 Kc6 42. Kg3 Rxb6 43. Rxb6+ Kxb6 44. Kg4 Kb7 45. Kh5
Rxa7 46. Rxa7+ Kxa7 47. Kxh6 Kb7 48. Kxh7 Kc6 49. g4 Kd6 50. g5 Ke5 51. g6 Kf4
52. g7 Kg4 53. g8=Q+ Kh3 54. Qg6 Kxh2 55. Kg7 1-0

[Event "Flint (MEX/4)"]
[Site "?"]
[Date "1990.??.??"]
[Round "?"]
[White "Brattin, Vincent"]
[Black "Ward, Tom"]
[Result "0-1"]
[WhiteElo "2005"]
[BlackElo "2090"]
[PlyCount "66"]
[EventDate "1990.??.??"]

1. e4 c5 2. g3 Nc6 3. Bg2 g6 4. Ne2 Bg7 5. c3 e5 6. d3 Nge7 7. c4 O-O 8. Nbc3
d6 9. Be3 Be6 10. Qd2 a6 11. O-O Nd4 12. Nd5 Nec6 13. f4 Nxe2+ 14. Qxe2 exf4
15. Nxf4 Qd7 16. Nd5 Bxd5 17. cxd5 Nd4 18. Qd2 Qa4 19. Kh1 b5 20. b3 Qa3 21.
Rab1 b4 22. Bxd4 Bxd4 23. Bh3 Rad8 24. Rf3 a5 25. Rbf1 f6 26. Qh6 a4 27. Be6+
Kh8 28. g4 axb3 29. axb3 Qa7 30. Rh3 Qg7 31. Qd2 Ra8 32. g5 fxg5 33. Rhf3 Rxf3
0-1

[Event "Lansing (MI Am/5/13)"]
[Site "?"]
[Date "1990.??.??"]
[Round "?"]
[White "Brattin, Vincent"]
[Black "Sundeen, David"]
[Result "1-0"]
[WhiteElo "1975"]
[BlackElo "1705"]
[PlyCount "49"]
[EventDate "1990.??.??"]

{5/(13)} 1. e4 e5 2. Nf3 Nf6 3. Nc3 Nc6 4. d4 exd4 5. Nxd4 Nxd4 6. Qxd4 d6 7.
Bg5 h6 8. Bxf6 gxf6 9. O-O-O Be6 10. f4 Bg7 11. f5 Bd7 12. Bc4 O-O 13. Rhf1 Qe7
14. Rf4 Qe5 15. Qf2 b5 16. Nxb5 Bxb5 17. Rd5 Qe8 18. Rxb5 c6 19. Rb7 Qc8 20.
Rxa7 Qb8 21. Rxa8 Qxa8 22. Rg4 d5 23. exd5 cxd5 24. Bb3 Qb7 25. Qg3 1-0

[Event "Lansing (MI Am/1/3)"]
[Site "?"]
[Date "1990.??.??"]
[Round "?"]
[White "Brattin, Vincent"]
[Black "Sujarit, A."]
[Result "1-0"]
[WhiteElo "1975"]
[BlackElo "1605"]
[PlyCount "97"]
[EventDate "1990.??.??"]

{1/(3)} 1. e4 e5 2. Nf3 Nc6 3. Bb5 a6 4. Bxc6 dxc6 5. d4 Bg4 6. dxe5 Qxd1+ 7.
Kxd1 Bxf3+ 8. gxf3 O-O-O+ 9. Ke2 Bc5 10. f4 Ne7 11. Nd2 Rhe8 12. Nb3 Bb6 13. f3
a5 14. c4 a4 15. Nd2 Ba7 16. b3 Ng6 17. Nf1 a3 18. Bd2 b5 19. Rc1 Bb6 20. c5
Ba7 21. Be3 Nf8 22. b4 Ne6 23. Ng3 g6 24. Rhd1 Rf8 25. Rxd8+ Rxd8 26. Rd1 h5
27. Rxd8+ Kxd8 28. f5 Nf8 29. h4 Nd7 30. Bd4 Ke7 31. f4 Bb8 32. e6 Nf8 33. exf7
Kxf7 34. e5 Ba7 35. e6+ Ke7 36. fxg6 Nxg6 37. f5 Nf4+ 38. Kd2 Nd5 39. Bc3 Nf4
40. Ne4 Ng2 41. Bf6+ Ke8 42. Bg5 Bxc5 43. Nxc5 Kf8 44. Nd7+ Ke8 45. f6 Kd8 46.
f7+ Kc8 47. f8=Q+ Kb7 48. Qb8+ Ka6 49. Nc5# 1-0

[Event "Lansing (Apr)"]
[Site "?"]
[Date "1990.??.??"]
[Round "?"]
[White "Brattin, Vincent"]
[Black "Stockham, James"]
[Result "1/2-1/2"]
[WhiteElo "1945"]
[BlackElo "1850"]
[PlyCount "66"]
[EventDate "1990.??.??"]

1. e4 e5 2. Nf3 Nc6 3. Bb5 a6 4. Bxc6 dxc6 5. d4 exd4 6. Qxd4 Qxd4 7. Nxd4 Bd7
8. c4 Bb4+ 9. Bd2 Bxd2+ 10. Nxd2 c5 11. N4b3 b6 12. f3 O-O-O 13. Kf2 Ne7 14.
Rhd1 Ba4 15. Nf1 Rxd1 16. Rxd1 Bxb3 17. axb3 Rd8 18. Rxd8+ Kxd8 19. f4 Nc6 20.
Ke3 a5 21. Nd2 Nd4 22. g4 Ke7 23. e5 h6 24. Ke4 c6 25. h4 Ke6 26. f5+ Ke7 27.
g5 hxg5 28. hxg5 g6 29. f6+ Ke6 30. Kf4 Ne2+ 31. Ke4 Nd4 32. Kf4 Ne2+ 33. Ke4
Nd4 1/2-1/2

[Event "Detroit (MI Op/4/33)"]
[Site "?"]
[Date "1990.??.??"]
[Round "?"]
[White "Brattin, Vincent"]
[Black "Steen, Harold"]
[Result "1/2-1/2"]
[WhiteElo "1930"]
[BlackElo "1815"]
[PlyCount "88"]
[EventDate "1990.??.??"]

{4/(33)} 1. e4 d6 2. d4 Nf6 3. Nc3 g6 4. Nf3 Bg7 5. h3 O-O 6. Bc4 Nbd7 7. O-O
Rb8 8. e5 Ne8 9. e6 fxe6 10. Bxe6+ Kh8 11. Ng5 Nef6 12. Nf7+ Rxf7 13. Bxf7 e5
14. d5 Nc5 15. Bg5 Qe7 16. Be6 Nxe6 17. dxe6 Bxe6 18. Ne4 Qf7 19. Nc3 d5 20.
Qd2 d4 21. Bxf6 Bxf6 22. Ne4 Bg7 23. f4 Qe7 24. fxe5 Bxe5 25. Rae1 Bc4 26. Rf3
Bd5 27. Kh1 Re8 28. Qf2 Bg7 29. Rf4 c5 30. Rh4 g5 31. Rg4 h6 32. b3 h5 33. Rxg5
Bxe4 34. Rxh5+ Kg8 35. Kg1 d3 36. Qg3 dxc2 37. Rg5 Qf7 38. Rxc5 Qf6 39. Rc7
Qd4+ 40. Kh2 Qe5 41. Rxe4 Qxg3+ 42. Kxg3 Rxe4 43. Rxc2 Re7 44. Kg4 b6 1/2-1/2

[Event "Detroit (MI Op/6/29)"]
[Site "?"]
[Date "1990.??.??"]
[Round "?"]
[White "Brattin, Vincent"]
[Black "Sobh, Hassan"]
[Result "1/2-1/2"]
[WhiteElo "1930"]
[BlackElo "1850"]
[PlyCount "83"]
[EventDate "1990.??.??"]

{6/(29)} 1. e4 c5 2. d4 cxd4 3. c3 dxc3 4. Nxc3 Nc6 5. Nf3 d6 6. Bc4 e6 7. Qe2
Nf6 8. e5 dxe5 9. Nxe5 Nxe5 10. Qxe5 Qd6 11. Qe2 a6 12. O-O Be7 13. Rd1 Qc7 14.
Bg5 O-O 15. Bh4 b5 16. Bb3 Bb7 17. Rac1 Bc6 18. Bxe6 Qb7 19. Bh3 Rad8 20. Rxd8
Rxd8 21. Re1 b4 22. Bxf6 Bxf6 23. Nd5 Bg5 24. f4 Bh4 25. Ne7+ Bxe7 26. Qxe7
Qxe7 27. Rxe7 Kf8 28. Re2 Rd1+ 29. Kf2 Bb5 30. Rc2 g6 31. Bg4 Rd4 32. g3 Kg7
33. Be2 Bxe2 34. Kxe2 Rd5 35. Ke3 f5 36. Rd2 Ra5 37. b3 h5 38. Kd4 Kf7 39. Kc4
Rb5 40. Rd6 Ra5 41. Rd2 Rb5 42. Rd6 1/2-1/2

[Event "Lansing (Mini-Swiss.2/1)"]
[Site "?"]
[Date "1990.??.??"]
[Round "?"]
[White "Brattin, Vincent"]
[Black "Skidmore, Mike"]
[Result "0-1"]
[WhiteElo "1975"]
[BlackElo "1910"]
[PlyCount "102"]
[EventDate "1990.??.??"]

{2/(1)} 1. e4 c6 2. d4 d5 3. exd5 cxd5 4. c4 Nf6 5. Nc3 e6 6. Nf3 Be7 7. Be2
Nc6 8. O-O O-O 9. a3 b6 10. Bf4 Bb7 11. b4 dxc4 12. Bxc4 Rc8 13. d5 Nxb4 14. d6
Rxc4 15. dxe7 Qxe7 16. Bd6 Bxf3 17. Bxe7 Bxd1 18. Nxd1 Nc2 19. Nb2 Nxa1 20.
Nxc4 Rc8 21. Nd6 Rc6 22. Rxa1 Nd5 23. Rd1 g6 24. Nxf7 Kxf7 25. Bg5 a6 26. g3 b5
27. Rd3 Rc3 28. Rxc3 Nxc3 29. Be3 Ke7 30. Bc5+ Kd7 31. Kg2 Kc6 32. Bf8 a5 33.
Kf3 Nd5 34. Ke4 b4 35. axb4 axb4 36. Ke5 b3 37. Ba3 Kd7 38. f4 Ne3 39. Kf6 Nf1
40. Kg7 Nxh2 41. Kxh7 Nf1 42. Kxg6 Nxg3 43. Kf6 Nf5 44. Ke5 Nd6 45. Kf6 Nc4 46.
Bc1 Kd6 47. Kf7 b2 48. Bxb2 Nxb2 49. Kf6 Nc4 50. f5 e5 51. Kg7 e4 0-1

[Event "Lansing (MI Am/3/12)"]
[Site "?"]
[Date "1990.??.??"]
[Round "?"]
[White "Brattin, Vincent"]
[Black "Sherbel, Steve"]
[Result "0-1"]
[WhiteElo "1975"]
[BlackElo "1915"]
[PlyCount "88"]
[EventDate "1990.??.??"]

{3/(12)} 1. e4 e6 2. g3 d5 3. Bg2 dxe4 4. Bxe4 Nf6 5. Bg2 c5 6. b3 Qc7 7. Ne2
Nc6 8. Bb2 Be7 9. O-O O-O 10. d3 b6 11. Nbc3 Bb7 12. Ne4 Nxe4 13. Bxe4 f5 14.
Bg2 e5 15. f4 Bf6 16. fxe5 Nxe5 17. Rb1 Bxg2 18. Kxg2 Qc6+ 19. Kg1 Nf3+ 20.
Rxf3 Qxf3 21. Bxf6 Rxf6 22. Nf4 Qxd1+ 23. Rxd1 Re8 24. Rd2 Rd6 25. c4 Kf7 26.
Kf2 g5 27. Nd5 Rxd5 28. cxd5 Rd8 29. Kf3 Rxd5 30. h3 Kf6 31. Ke3 Rd4 32. Rf2
Ke5 33. Kd2 f4 34. g4 Rd6 35. Rf3 Kd4 36. h4 h6 37. hxg5 hxg5 38. Rh3 Rf6 39.
Rh8 f3 40. Rd8+ Ke5 41. Ke1 Kf4 42. d4 cxd4 43. Rxd4+ Kg3 44. Kf1 Rh6 0-1

[Event "Detroit (RVO/2)"]
[Site "?"]
[Date "1990.??.??"]
[Round "?"]
[White "Brattin, Vincent"]
[Black "Sawmiller, Tim"]
[Result "1-0"]
[WhiteElo "1930"]
[BlackElo "1605"]
[PlyCount "71"]
[EventDate "1990.??.??"]

1. e4 e5 2. Nf3 Nc6 3. d4 exd4 4. Bc4 Bc5 5. O-O h6 6. a3 d6 7. b4 Bb6 8. Bb2
Bg4 9. Re1 Nf6 10. h3 Bh5 11. Bb5 O-O 12. Bxc6 bxc6 13. Qd3 Bg6 14. Nbd2 Re8
15. Nxd4 Bxd4 16. Qxd4 Qe7 17. f4 c5 18. bxc5 dxc5 19. Qc3 Rad8 20. f5 Bh7 21.
e5 Nd5 22. Qf3 c4 23. Ne4 c3 24. Nxc3 Nxc3 25. Bxc3 Qg5 26. f6 gxf6 27. exf6
Bf5 28. Kh1 Be6 29. Re5 Qg6 30. Rae1 Kh7 31. R1e4 Bd5 32. Rxd5 Rxd5 33. Rxe8
Rd1+ 34. Qxd1 Qg3 35. Qh5 Qe1+ 36. Bxe1 1-0

[Event "Detroit (MI Op/2/43)"]
[Site "?"]
[Date "1990.??.??"]
[Round "?"]
[White "Brattin, Vincent"]
[Black "Proszkow, T."]
[Result "1-0"]
[WhiteElo "1930"]
[BlackElo "1790"]
[PlyCount "107"]
[EventDate "1990.??.??"]

{2/(43)} 1. e4 e5 2. Nf3 Nc6 3. d4 exd4 4. Bc4 Nge7 5. O-O f6 6. Re1 d6 7. Nxd4
Nxd4 8. Qxd4 Nc6 9. Qd5 Qe7 10. f4 Nd8 11. f5 c6 12. Qd1 h5 13. Bf4 Qc7 14. Kh1
Nf7 15. Nd2 Ne5 16. Bb3 Bd7 17. Nf3 O-O-O 18. Nd4 g5 19. Bxe5 dxe5 20. Ne6 Bxe6
21. Bxe6+ Kb8 22. Qe2 Rd6 23. Red1 g4 24. c4 Be7 25. Rxd6 Bxd6 26. a3 Bc5 27.
b4 Bd4 28. Rb1 Rd8 29. Rb3 b6 30. h3 Qg7 31. Rg3 Qg5 32. Rd3 gxh3 33. g3 Kc7
34. b5 c5 35. Bd5 Qc1+ 36. Qd1 Qg5 37. Kh2 h4 38. g4 Qf4+ 39. Kxh3 Rd7 40. Qf3
Qg5 41. a4 Rg7 42. Qg2 Be3 43. Qf3 Bf4 44. Rc3 Bg3 45. Rc2 Qf4 46. Qxf4 Bxf4
47. Ra2 Rd7 48. a5 Rxd5 49. exd5 e4 50. axb6+ axb6 51. Kxh4 Kd6 52. Rf2 Ke5 53.
Kh3 Kd4 54. Rxf4 1-0

[Event "Detroit (RVO/5)"]
[Site "?"]
[Date "1990.??.??"]
[Round "?"]
[White "Brattin, Vincent"]
[Black "Mazuchowski, Tom"]
[Result "0-1"]
[WhiteElo "1930"]
[BlackElo "2170"]
[PlyCount "106"]
[EventDate "1990.??.??"]

1. e4 c5 2. d4 cxd4 3. c3 dxc3 4. Nxc3 e6 5. Bc4 a6 6. Bf4 Nc6 7. Nf3 Nge7 8.
O-O Ng6 9. Bg3 d6 10. Qe2 Be7 11. Rfd1 Qc7 12. Rac1 O-O 13. h4 Bd7 14. h5 Nge5
15. Nxe5 dxe5 16. Qg4 Kh8 17. h6 Rg8 18. Qh5 Raf8 19. hxg7+ Rxg7 20. Ne2 Be8
21. Qh2 Bf6 22. a4 Qe7 23. f4 Rfg8 24. fxe5 Qc5+ 25. Bf2 Qxe5 26. g3 Qg5 27.
Rd3 Ne5 28. Rb3 Bc6 29. Kf1 Bxe4 30. Bd4 Ng4 31. Qg1 Qf5+ 32. Ke1 e5 33. Bb6
Bg5 34. Rcc3 Bc6 35. Bd3 e4 36. Bxa6 Bxa4 37. Ra3 Qd7 38. Bd4 bxa6 39. Bxg7+
Kxg7 40. Qd4+ Qxd4 41. Nxd4 Bb5 42. Nxb5 axb5 43. Ra5 Rd8 44. Rxb5 Bd2+ 45. Ke2
Bxc3 46. Rg5+ Kf6 47. Rxg4 Bxb2 48. Rxe4 Be5 49. Rh4 Kg7 50. Rg4+ Kh8 51. Ke3
Rg8 52. Rxg8+ Kxg8 53. g4 Kg7 0-1

[Event "Lansing (Apr)"]
[Site "?"]
[Date "1990.??.??"]
[Round "?"]
[White "Brattin, Vincent"]
[Black "Hayes, R."]
[Result "1-0"]
[WhiteElo "1945"]
[BlackElo "1945"]
[PlyCount "103"]
[EventDate "1990.??.??"]

1. e4 e5 2. Bc4 Nf6 3. Nc3 Bb4 4. d3 O-O 5. a3 Bxc3+ 6. bxc3 d5 7. exd5 Nxd5 8.
Ne2 Bg4 9. f3 Be6 10. O-O Nd7 11. Bxd5 Bxd5 12. c4 Bc6 13. Be3 Nb6 14. Nc3 Qe7
15. Qe2 Rfe8 16. a4 Rad8 17. Rfb1 Nc8 18. Qf2 b6 19. a5 f5 20. axb6 axb6 21.
Kh1 e4 22. fxe4 fxe4 23. d4 Qf7 24. Qe2 Nd6 25. d5 Qf6 26. Rb3 Bd7 27. c5 bxc5
28. Bxc5 Rb8 29. Rxb8 Rxb8 30. Qe1 Bf5 31. Bxd6 cxd6 32. h3 Rc8 33. Ra3 Qd4 34.
Qg3 Qc5 35. Rb3 e3 36. Nb5 Qxc2 37. Nxd6 Qxb3 38. Nxf5 Rc1+ 39. Kh2 Qc3 40.
Nh6+ Kf8 41. Qd6+ Ke8 42. Qe6+ Kd8 43. d6 gxh6 44. Qe7+ Kc8 45. d7+ Kb7 46.
d8=Q+ Qc7+ 47. Qdxc7+ Rxc7 48. Qxe3 Kc6 49. Qxh6+ Kb7 50. Qe6 Rg7 51. Qd5+ Kc8
52. Qa8+ 1-0

[Event "Lansing (Feb)"]
[Site "?"]
[Date "1990.??.??"]
[Round "?"]
[White "Brattin, Vincent"]
[Black "Finegold, Ron"]
[Result "0-1"]
[WhiteElo "2005"]
[BlackElo "2195"]
[PlyCount "138"]
[EventDate "1990.??.??"]

1. e4 e5 2. Nf3 Nc6 3. Bb5 a6 4. Bxc6 dxc6 5. d4 exd4 6. Qxd4 Qxd4 7. Nxd4 c5
8. Ne2 Bd7 9. Bf4 O-O-O 10. Nbc3 Ne7 11. O-O-O h5 12. Nd5 Nxd5 13. exd5 Bf5 14.
c4 h4 15. h3 f6 16. f3 g5 17. Be3 Bd6 18. Nc3 Rde8 19. Bd2 Bg3 20. Be1 Be5 21.
Bd2 Bd4 22. Rde1 Bf2 23. Rxe8+ Rxe8 24. Nd1 Bd4 25. Bc3 Re2 26. Bd2 Rxg2 27.
Nc3 Rg3 28. f4 Bxc3 29. Bxc3 gxf4 30. Bxf6 f3 31. Bxh4 Rg2 32. Rf1 Rc2+ 33. Kd1
Rxc4 34. Rxf3 Rxh4 35. Rxf5 Rxh3 36. Kc2 Kd7 37. a3 Kd6 38. b3 Rh4 39. Kc3 Rd4
40. Rh5 Rxd5 41. Rh6+ Kd7 42. Rh7+ Kc6 43. Rh6+ Rd6 44. Rh5 Rg6 45. Rh3 b5 46.
a4 b4+ 47. Kc4 Rg4+ 48. Kd3 Rd4+ 49. Kc2 Kb6 50. Rh8 Rg4 51. Rb8+ Kc6 52. Ra8
Rg2+ 53. Kd3 Rg3+ 54. Kc2 Kb7 55. Rh8 c4 56. bxc4 Rc3+ 57. Kb2 Rxc4 58. Kb1 Rg4
59. Rh5 Kb6 60. a5+ Kc6 61. Ka2 Rd4 62. Rh6+ Kb7 63. Rh5 c6 64. Rh7+ Kb8 65.
Rh8+ Kc7 66. Rh7+ Kd6 67. Rb7 c5 68. Kb3 Rd3+ 69. Kb2 Ra3 0-1

[Event "Lansing (Feb)"]
[Site "?"]
[Date "1990.??.??"]
[Round "?"]
[White "Brattin, Vincent"]
[Black "Czuhai, Kevin"]
[Result "0-1"]
[WhiteElo "2000"]
[BlackElo "2235"]
[PlyCount "58"]
[EventDate "1990.??.??"]

1. e4 c5 2. g3 d5 3. Nc3 d4 4. Nce2 h5 5. d3 h4 6. h3 hxg3 7. fxg3 Nc6 8. Bg2
Ne5 9. g4 e6 10. Ng3 Bd6 11. N1e2 Qh4 12. O-O Nxg4 13. e5 Bxe5 14. Ne4 f5 15.
Ng5 Nh2 16. Rf2 Nf6 17. Bf3 Nxf3+ 18. Rxf3 Bd7 19. Qf1 Rh5 20. Nxe6 Bxe6 21.
Bf4 Bxf4 22. Nxf4 Rg5+ 23. Kh1 Bd7 24. Qe2+ Kf7 25. Qe5 Re8 26. Qxc5 Re1+ 27.
Kh2 Ng4+ 28. Kg2 Ne5+ 29. Kh2 Nxf3# 0-1